| 000 | 00668nam a2200193Ia 4500 | ||
|---|---|---|---|
| 001 | 4766 | ||
| 003 | GE_BSU | ||
| 008 | 181216s||||||||xx |||||||||||||| ||und|| | ||
| 040 | _cGE_BSU | ||
| 080 | _a512.54(075.8)+512.81(075.8) | ||
| 100 | _aПостников,М.М | ||
| 245 | _aГруппы и Алгебры Ли. Для студ. вузов обучающихся по спец. ,,Математической | ||
| 260 | _aМосва | ||
| 260 | _bНаука Гл. рев. физико-математичеслой лит-ры | ||
| 260 | _c1982 | ||
| 300 | _a447 с. 20 см. | ||
| 653 | _aГруппы и Алгебры Ли Для студ. | ||
| 942 | _cBK | ||
| 999 |
_c38611 _d38611 |
||